| 000 | 00635nam a2200205 a 4500 | ||
|---|---|---|---|
| 001 | 4201 | ||
| 003 | CDMR | ||
| 005 | 20131104180649.0 | ||
| 008 | 130130s1971||||||||||||||||||||||||||||d | ||
| 040 |
_aCDMR _bcat _cCDMR |
||
| 245 | 0 | _aCien años de prensa deportiva en Cataluña | |
| 246 | _a100 años de prensa deportiva en Cataluña | ||
| 260 |
_aBarcelona _cDL 1972 _b[Seix Barral] |
||
| 300 | _a46 p. | ||
| 500 | _aA la coberta: Salón Náutico Internacional - Ayuntamiento de Barcelona | ||
| 650 | 0 | 4 |
_91696 _aPremsa esportiva |
| 650 | 0 | 4 |
_94083 _aPremsa _vBibliografia |
| 710 | 1 |
_92829 _aBarcelona _b -- Ajuntament |
|
| 942 |
_cMON _2udc |
||
| 999 |
_c4201 _d4201 |
||